| 000 | 00451nam a22001817a 4500 | ||
|---|---|---|---|
| 005 | 20250327103718.0 | ||
| 008 | 160701b xxu||||| |||| 00| 0 eng d | ||
| 020 | _a978-93-259-6850-9 | ||
| 041 | _aeng | ||
| 082 |
_b20424 _a005.133 |
||
| 100 |
_aDas, Rashmi kanta _93400 |
||
| 245 | _aCore java for beginners | ||
| 250 | _a3rd ed. | ||
| 260 |
_bVIKAS PUBLICATION _c2013 _aNOIDA |
||
| 300 | _a898;P | ||
| 650 | _aInformation Technology | ||
| 942 | _cBK | ||
| 999 |
_c5079 _d5077 |
||